000 00490nam a22001457a 4500
020 _a978-1-4169-0006-1
082 _a823
_bDIX/H
100 _aDIXON, FRANKLIN W
245 _aTHE HARDY BOYS - ROCKY ROAD
260 _aNEW YORK
_bALADDIN PAPERBACKS
_c2005
300 _a153
520 _athis book is about two boys, Joe and Frank Hardy, who are in a secret agency, ATAC, who has to stop a threat to block the Niagara falls in Canada.
650 _aMYSTERY STORY
_zUNITED STATES
942 _cBK
999 _c7761
_d7761